NBA Players from Seton Hall - Statistics

General Stats
  • This quiz has been taken 18 times
    4 since last reset
  • The average score is 4 of 26
Answer Stats
Position Player Draft Year % Correct
C Walter Dukes 1953
67%
GF Adrian Griffin 1996
33%
C Ángel Delgado 2018
33%
F Eddie Griffin 2001
33%
SG Isaiah Whitehead 2016
33%
GF Jared Rhoden 2022
33%
PF Mark Bryant 1988
33%
SG Myles Powell 2020
33%
C Samuel Dalembert 2001
33%
FC Sandro Mamukelashvili 2021
33%
SG Terry Dehere 1993
33%
PG Andre Barrett 2004
0%
F Andrew Gaze 1989
0%
F Anthony Avent 1991
0%
G Bobby Wanzer 1948
0%
G Bob Davies N/A
0%
C Ed Sadowski N/A
0%
PF Glenn Mosley 1977
0%
F Howie Janotta 1949
0%
G John Morton 1989
0%
G Johnny Macknowski 1948
0%
C Luther Wright 1993
0%
C Marcus Cousin 2009
0%
G Mike McCarron N/A
0%
GF Pep Saul 1949
0%
G Richie Regan 1953
0%
No matching quizzes found
Score Distribution
Percent of People with Each Score
Percentile by Number Answered
Your Score History
You have not taken this quiz since the last reset